| 000 | 00444pab a2200157 454500 | ||
|---|---|---|---|
| 008 | 180718b1972 xxu||||| |||| 00| 0 eng d | ||
| 100 | _aPrakash, Kailash | ||
| 245 | _aThe vigilance set-up of the government of India: Some proposals for reform | ||
| 260 | _c1972 | ||
| 300 | _ap.533-562. | ||
| 362 | _aOct-Dec | ||
| 650 | _aCentral Vigilance Commission | ||
| 773 | _aIndian Journal of Public Administration | ||
| 908 | _aN | ||
| 909 | _a99971 | ||
| 999 |
_c99970 _d99970 |
||